ბათუმის შოთა რუსთაველის სახელმწიფო უნივერსიტეტის ბიბლიოთეკა

Paris Match. №3348. du 18 au 24 juillet 2013. (ბიბ.ჩანაწერი № 41034)

000 -LEADER
fixed length control field 00387nam a2200157Ia 4500
001 - CONTROL NUMBER
control field 7683
003 - CONTROL NUMBER IDENTIFIER
control field GE_BSU
008 - FIXED-LENGTH DATA ELEMENTS--GENERAL INFORMATION
fixed length control field 181216s||||||||xx |||||||||||||| ||und||
040 ## - CATALOGING SOURCE
Transcribing agency GE_BSU
245 ## - TITLE STATEMENT
Title Paris Match. №3348. du 18 au 24 juillet 2013.
260 ## - PUBLICATION, DISTRIBUTION, ETC.
Place of publication, distribution, etc. Paris.
260 ## - PUBLICATION, DISTRIBUTION, ETC.
Date of publication, distribution, etc. 2013.
300 ## - PHYSICAL DESCRIPTION
Extent 110p; 29cm.
653 ## - INDEX TERM--UNCONTROLLED
Uncontrolled term Paris Match. №3348. du 18 au 24 juillet 2013.
942 ## - ADDED ENTRY ELEMENTS (KOHA)
Koha item type პერიოდიკა
ეგზემპლარები
Withdrawn status Lost status Damaged status Not for loan Date acquired Barcode Date last seen Price effective from Koha item type
        2018-12-17 p75791 2018-12-17 2018-12-17 პერიოდიკა